000 00639cam a2200145 4500500
005 20251228093423.0
041 _afre
042 _adc
100 1 0 _aBerelowitch, André
_eauthor
245 0 0 _aA. G. MAN´KOV et al., éds. Rossijskoe gosudarstvo v XIV-XVII vv. Sbornik statej, posvjaš?ennyj 75-letiju so dnja roždenija Ju. G. Alekseeva Saint-Pétersbourg : Dmitrij Bulanin, 2002, 616 p.
260 _c2005.
500 _a12
786 0 _nCahiers du monde russe | Vol 46 | 4 | 2005-11-01 | p. 859a-990a | 1252-6576
856 4 1 _uhttps://shs.cairn.info/revue-cahiers-du-monde-russe-2005-4-page-859a?lang=fr&redirect-ssocas=7080
999 _c1604326
_d1604326